000 00601nam a2200169 a 4500
001 000032301
005 20200930063612.0
008 110714s2012 dr 000 0 spa d
020 _a9789945882728
040 _aDO-SdBNP
_bspa
_cBNPHU
100 1 _aBautista Lorenzo, Israel
_958326
245 1 4 _aMercado laboral docente en la región de el valle /
_cIsrael Bautista Lorenzo, Luisa Criselba Paniagua.
260 _aSanto Domingo :
_bBúho,
_c2012.
300 _a82 p. ;
_cil.
_c23 cm.
500 _aIncluye datos biográficos de los autores en las solapas
700 1 _aPaniagua, Criselba Paniagua
_958327
999 _c31792
_d31792